| 000 | 01048cab a2200289 4500 | ||
|---|---|---|---|
| 001 | ABS58464 | ||
| 008 | 090401t1988 xxu||||| |||| 00| 0 eng d | ||
| 035 | _a(Sirsi) u84885 | ||
| 041 | _aeng | ||
| 100 | _aWilliams, P.J.G. | ||
| 245 | _aUpwards and downwards rent reviews - the continuing saga | ||
| 260 | _c1988 | ||
| 350 | _a0 | ||
| 490 |
_aRent Review & Lease Renewal _v18(1) 1988, 24-30(7) |
||
| 520 | _aA round-up of recent case law on upwards and downwards rent reviews. Examples of rent review clauses. | ||
| 650 | _aADDIN INVESTMENTS LTD V SOS ENVIRONMENT | ||
| 650 | _aHARBEN STYLE LTD V RHODES TRUST | ||
| 650 | _aRENT REVIEW CLAUSES | ||
| 650 | _aROYAL BANK OF SCOTLAND PLC V JENNINGS AND OTHERS | ||
| 650 | _aROYAL INSURANCE PROPERTY SERVICES LTD V CLIFFWAY LTD | ||
| 650 | _aSOS ENVIRONMENT V ASSOCIATED NEWSPAPERS HOLDINGS LTD | ||
| 650 | _aSTANDARD LIFE ASSURANCE V UNIPATH LTD | ||
| 650 | _aUPWARD ONLY RENT REVIEWS | ||
| 690 | _aLANDLORD AND TENANT-BUSINESS TENANCIES | ||
| 942 | _n0 | ||
| 948 | _c13/03/1998 | ||
| 999 |
_c53386 _d53386 |
||